000 00640nam a2200193Ia 4500
001 14830
003 GE_BSU
008 181216s||||||||xx |||||||||||||| ||und||
040 _cGE_BSU
080 _a517.9(075.8)
100 _aАлексеев,В.М. Галеев,ЭМ. Тихомиров,В.М.
245 _aСборник задач по оптимизации. Теория. Примеры. Задачи
260 _aМосква
260 _bНаука
260 _c1984
300 _a288стр.20см.
653 _aСборник задач по оптимизации. Теория. Примеры. Задачи
942 _cBK
999 _c47953
_d47953